Представление документа в формате MARC21

Поле Инд. ПП Название Значение
Тип записи a
Библиографический уровень m
001 Контрольный номер RU/IS/BASE/148495352
005 Дата корректировки 20250625165735.6
008 Кодируемые данные 20040914
022 a ISSN 0235-7089
041 a Код языка текста rus
084 a Индекс другой классификации/Индекс ББК 63; 63.3(2)
090 a Полочн. индекс 95.2
097 00 a 110
245 00 a Заглавие Родина
b Продолж. заглавия российский исторический журнал
c Ответственность учредители: Правительство РФ, Администрация Президента РФ; гл. ред. В. П. Долматов
n Номер части/ раздела №8/1995
260 00 a Место издания Москва
b Издательство [б. и.]
c Дата издания 1995
300 a Объем 96 с.
500 00 a Примечание Журнал
650 a Основная рубрика история
a Основная рубрика исторические науки
653 a Ключевые слова Россия
773 w Контрольный № источника RU/IS/BASE/404493374
901 t Тип документа s
952 a Тип литературы для КСУ ВШ НПЖ